¿Qué es la justicia? /
Guardado en:
| Autor Principal: | |
|---|---|
| Otros Autores: | |
| Formato: | Libro |
| Idioma: | Spanish |
| Publicado: |
Buenos Aires :
Fontamara,
1997
|
| Edición: | 8a. ed. |
| Series: | Biblioteca de ética, filosofía del derecho y política ;
10 |
| Materias: | |
| Etiquetas: |
Agregar Etiqueta
Sin Etiquetas, Sea el primero en etiquetar este registro!
|
| LEADER | 00607nam a22001815a 4500 | ||
|---|---|---|---|
| 001 | DER.der012662 | ||
| 008 | 180615s1997####ag#||||||||||||||#||spa|| | ||
| 005 | 20260213083556.0 | ||
| 245 | 1 | 0 | |a ¿Qué es la justicia? / |c Kelsen Hans ; traducido por Ernesto Garzón Valdés. |
| 250 | |a 8a. ed. | ||
| 260 | |a Buenos Aires : |b Fontamara, |c 1997 | ||
| 300 | |a 83 p. | ||
| 490 | 1 | |a Biblioteca de ética, filosofía del derecho y política ; |v 10 | |
| 020 | |a 9684761457 | ||
| 100 | 1 | |a Kelsen, Hans | |
| 700 | 1 | |a Garzón Valdés, Ernesto, |e trad. | |
| 650 | 7 | |a INTRODUCCION AL DERECHO | |
| 859 | |a DERECHO |b BIB. DERECHO |h 340.11 |i KEL |p 004743 | ||
